Statistiken für Größte europäische Sprachen auf einer Karte

Klicken Sie hier um das Quiz zu spielen!

Allgemein

  • Dieses Quiz wurde 11.328 mal gespielt
  • Das Durchschnittsergebnis liegt bei 29 aus 43

Antworten auf der Karte

Die Antworten werden auf der Karte rot bzw. grün angezeigt, abhängig davon wie oft sie richtig erraten wurden.
 

Antwortstatistiken

BevSprachen% Korrekt
97 Mio.Deutsch
100%
60 Mio.Englisch
99%
106 Mio.Russisch
99%
66 Mio.Französisch
98%
65 Mio.Italienisch
98%
38 Mio.Spanisch
98%
4.7 Mio.Norwegisch
96%
9.1 Mio.Schwedisch
96%
39 Mio.Polnisch
95%
5.5 Mio.Dänisch
94%
5.4 Mio.Finnisch
94%
11 Mio.Griechisch
93%
22 Mio.Niederländisch
93%
10 Mio.Tschechisch
91%
32 Mio.Ukrainisch
91%
5.6 Mio.Kroatisch
89%
24 Mio.Rumänisch
89%
13 Mio.Ungarisch
87%
9.0 Mio.Serbisch
86%
5.4 Mio.Albanisch
84%
7.8 Mio.Bulgarisch
84%
1.7 Mio.Lettisch
84%
10 Mio.Portugiesisch
84%
12 Mio.Türkisch
83%
2.1 Mio.Slowenisch
82%
5.2 Mio.Slowakisch
81%
2.5 Mio.Bosnisch
78%
3.0 Mio.Litauisch
76%
3.3 Mio.Weißrussisch
76%
1.4 Mio.Mazedonisch
64%
4.0 Mio.Katalanisch
57%
1.1 Mio.Estnisch
53%
4.7 Mio.Sizilianisch
49%
1.0 Mio.Kasachisch
25%
1.2 Mio.Sardisch
19%
5.7 Mio.Neapolitanisch
18%
3.8 Mio.Venetisch
17%
3.6 Mio.Lombardisch
12%
2.4 Mio.Galicisch
10%
1.4 Mio.Tschetschenisch
10%
1.5 Mio.Romani
9%
1.6 Mio.Piemontesisch
5%
1.1 Mio.Tschuwaschisch
3%

Verteilung der Resultate

Perzentil nach korrekt beantworteten Fragen

Anzahl Personen mit jedem Resultat

Ihre Resultats-Entwicklung

Sie haben dieses Quiz noch nicht gespielt